The Renaissance guitar

Guardat en:
Dades bibliogràfiques
Format: Llibre
Idioma:anglès
Publicat: Nueva York Ariel Publications 1974
Edició:1a. ed
Matèries:
Etiquetes: Afegir etiqueta
Sense etiquetes, Sigues el primer a etiquetar aquest registre!

MARC

LEADER 00000cam a2200000 a 4500
001 UCC7137
003 CL-VaPUC
008 190304e19740000us |||||||||||||||||eng|d
020 |a 9780825618130 
082 0 4 |a 780.9031  |b REN  |2 21 
245 1 4 |a The Renaissance guitar 
250 |a 1a. ed 
300 |a 119 p 
942 |c BK 
945 |d 20190304 12:48:00  |a dcastane 
260 |a Nueva York  |b Ariel Publications  |c 1974 
500 |a Incluye CD 
650 0 |a Música para guitarra  |9 362109 
650 0 |a Música renacentista  |9 391249 
650 0 |a Historia de la música  |9 306741 
583 |a last modification  |c 20190304 12:48:00  |k Rodrigo Vera 
999 |c 373868  |d 373866 
952 |0 0  |1 0  |3 erb  |4 0  |6 780_903100000000000_REN_1974  |7 0  |8 X  |9 492121  |a BIBEDU  |b BIBEDU  |i 5534089  |o 780.9031 REN 1974  |p 5534089  |r 2023-01-12  |w 2019-11-24  |y BK_X  |z Catalogado en:20190304  |k MUS